| 000 | 01093nam a22002417a 4500 | ||
|---|---|---|---|
| 001 | 5065 | ||
| 003 | FISKH | ||
| 005 | 20241105120155.0 | ||
| 008 | 241104b cb ||||| |||| 00| 0 eng d | ||
| 020 | _a9781407124131 | ||
| 040 |
_aFISKH _beng _cFISKH _dFISKH |
||
| 082 | _a782.42166092 | ||
| 100 | _aCox, Michael | ||
| 245 |
_aElvis and His Blue Suede Shoes / _cby Michael Cox |
||
| 260 |
_aNew York : _bScholastic ; _c2001 . |
||
| 300 |
_a207 pages : _billustrations ; _c21 cm . |
||
| 490 | _aHorribly Famous | ||
| 520 | _aEverybody's heard of Elvis Presley. He is horribly famous for being the King of Rock'n'Roll, having trouble fitting into his spangly white jumpsuits and causing a riot with a wiggle of his pelvis. But not everyone knows that Elvis escaped from tornadoes by hiding in a cave, flew halfway across America for 22 giant sandwiches and had a tooth stuck in his lung... Everything you ever wanted to know about the man with the pelvis. | ||
| 650 |
_a History and Leaders _vnon-fiction |
||
| 700 |
_aReeve, Philip _eillustrator |
||
| 942 |
_2ddc _cBK _n0 |
||
| 999 |
_c5065 _d5065 |
||